| 000 | 00453nam a2200181Ia 4500 | ||
|---|---|---|---|
| 003 | GCL | ||
| 008 | 140319s9999 xx 000 0 eng d | ||
| 040 |
_aGCL / _cGCL |
||
| 082 | 0 | 4 |
_a338.642 _bB A |
| 100 | 1 | _aBARDLEY. ALAN | |
| 245 | 1 | 0 |
_aALONE WITH A P C / _cBARDLEY. ALAN |
| 260 |
_a[S.N] : _bSIGMA PRESS ، _c1993 |
||
| 300 | _a186 P | ||
| 650 | 0 | 4 | _aCOMPUTER SOFTWARE |
| 650 | 0 | 4 | _aSMALL BUSINESS |
| 650 | 0 | 4 | _aCOMPUTER PROGRM |
| 942 |
_2ddc _cBK |
||
| 999 |
_c23591 _d23591 |
||